000 00438nab a2200145Ia 4500
003 ES-SlBCS
005 20230622162710.0
008 140529s1979 xxu||||| |||| 00| 0 eng d
041 _aeng
100 1 _aSchwartz, Adina
_9139331
245 0 0 _aAristotle on Education and Choice
_c Adina Schwartz
600 0 0 _aAristóteles
_d384-322 a.C.
_913292
773 0 _tEducational Theory
_gvol. 29, nº. 2, 1979, págs. 97-108
_wRev1399
942 _cAR
999 _c512485
_d512485